000 00508nam a2200181Ia 4500
999 _c14274
_d14274
003 OSt
005 20201015131453.0
008 190216s9999||||xx |||||||||||||| ||und||
020 _a075532546
040 _coclc
082 _a823.914
_bPER/S
100 _a Perry, Anne
_95773
245 0 _aShoulder The Sky /
_cAnne Perry
260 _bHead Line London,
_aLondon:
_c1988.
300 _a440p
650 _aEnglish-Fiction English
942 _cBK
_2ddc
_h823.914
_iPER/S
_k823.914
_mPER/S